| 000 | 00754nam0a22002531 4500 | ||
|---|---|---|---|
| 001 | rc\104738 | ||
| 005 | 20250620182855.0 | ||
| 010 |
_a5-86676-005-3 _9500 |
||
| 035 | _a(NLR Aleph) 005366897 | ||
| 090 |
_a6958160 _c6958160 |
||
| 100 | _a20021216d1996 |||y0rusy50 ca | ||
| 101 | 0 | _arus | |
| 102 | _aRU | ||
| 105 | _ay ||||||||| | ||
| 200 | 1 |
_a... Любовью инородца _eСтихи, 1968-1995 _fДмитрий Лепер |
|
| 210 |
_aМ. _cИзд-во МОЛ СЛ России _d1996 |
||
| 215 |
_a22, [1] с. _d10х15 |
||
| 320 | _aАлф. указ. имен: с. 22 | ||
| 700 | 1 |
_aЛепер _bД.П. _gДмитрий П. |
|
| 801 | 0 |
_aRU _bNLR _gpsbo |
|
| 801 | 1 |
_aRU _bELAR _2rusmarc |
|
| 852 |
_aNLR _j96-1/522 |
||
| 942 | _cBOOK | ||
| 980 | _aNB | ||